Silk-screen process production /

Saved in:
Bibliographic Details
Main Author: Hiett, Harry L. (Harry Leroy)
Other Authors: Middleton, H. K.
Format: Book
Language:English
Published: London : Blandford, 1960.
Edition:4th ed.
Subjects:
LEADER 01056nam a2200289 a 4500
001 c000049544
003 CARM
005 00000000000000.0
008 810911s1960 enka 00110 eng d
019 1 |a 2688796  |z 28324536  |5 LACONCORD2021 
035 |a (OCoLC)8491274  |5 LACONCORD2021 
040 |d VBAX 
082 1 |a 686.2316  |2 19 
100 1 |a Hiett, Harry L.  |q (Harry Leroy) 
240 1 0 |a Screen process production 
245 1 0 |a Silk-screen process production /  |c by Harry L. Hiett and H.L. Middleton. 
250 |a 4th ed. 
260 |a London :  |b Blandford,  |c 1960. 
300 |a 220 p. :  |b ill. ;  |c 23 cm. 
500 |a First ed. published in 1936 under title: Screen process production. 
500 |a Includes index. 
650 0 |a Stencil work. 
650 0 |a Screen process printing. 
700 1 |a Middleton, H. K. 
852 8 |b CARM  |h A2:AI24B0  |i B04485  |p 0204019  |f BK 
999 f f |i 9e41a9eb-bb88-5e0c-9224-b1e49a22d936  |s 9f36d71d-3465-5537-83f6-58ca1b01ada5 
952 f f |p Can circulate  |a CAVAL  |b CAVAL  |c CAVAL  |d CARM 1 Store  |e B04485  |f A2:AI24B0  |h Other scheme  |i book  |m 0204019